000 00871nam a2200313 a 4500
003 AR-BaBNM
005 20251128210919.0
008 082120s2002 ||||||||||||||000 | spa||
020 _a0-325-00076-x
040 _cAR-BaBNM
100 1 _aWagner, Betty Jane
245 0 0 _aEducational drama and language arts
_bwhat research shows
260 _aChicago
_bHeinemann
_c1998
300 _a312 p.
_btablas
490 0 _aDimensions of drama series
500 _aContiene referencias bibliográficas e índice alfabético
650 4 _aDIDACTICA
650 4 _aLENGUAJE
650 4 _aPAPEL DEL LENGUAJE
650 4 _aPROCESO COGNOSCITIVO
650 4 _aROL
650 4 _aCREATIVIDAD
650 4 _aARTES ESCENICAS
653 _aANALISIS DEL DISCURSO
653 _aLENGUAJES ARTISTICOS
653 _aINVESTIGACION EDUCATIVA
942 _cBK
998 _cRAQUEL
999 _c17432
_d17432